000 00302nam a2200097Ia 4500
082 _a327.17470955 OTTO
245 0 _aUnder a mushroom cloud : Europe, Iran and the bomb
100 _a Ottolenghi, Emanuele London, [c.2009]
_975914
942 _cBK
008 210817s9999 xx 000 0 und d
999 _c425480
_d425479